[Event "Miercurea Ciuc Banc Post op 10th"]
[Site "Miercurea Ciuc"]
[Date "2007.08.19"]
[Round "2"]
[White "Stadler, Sebastian"]
[Black "Biro, Zoltan"]
[Result "1-0"]
[WhiteElo "401"]
[BlackElo "1893"]
[PlyCount "57"]
[EventDate "2007.08.19"]
[EventType "swiss"]
[EventRounds "9"]
[EventCountry "ROU"]
[SourceTitle "EXT 2010"]
[Source "ChessBase"]
[SourceDate "2010.11.25"]
[SourceVersion "1"]
[SourceVersionDate "2010.11.25"]
[SourceQuality "1"]

1. e4 e5 2. Nf3 Nc6 3. Bc4 Nd4 4. Nxe5 Qg5 5. Bxf7+ Ke7 6. Ng4 Kxf7 7. f4 Nxc2+ 8. Qxc2 Qxg4 9. 0-0 c6 10. d4 Nf6 11. h3 Qe6 12. e5 Nd5 13. f5 Qe7 14. Nc3 Qh4 15. Ne4 h6 16. Bd2 b6 17. Kh2 Ba6 18. g3 Qd8 19. Rf3 Be7 20. Rg1 Qc7 21. Bf4 Nxf4 22. gxf4 Rac8 23. Qb3+ Kf8 24. Rfg3 Rh7 25. f6 Bxf6 26. Nxf6 gxf6 27. Rg8+ Ke7 28. R1g7+ Rxg7 29. Rxg7+ 1-0

[Event "Miercurea Ciuc Banc Post op 10th"]
[Site "Miercurea Ciuc"]
[Date "2007.08.19"]
[Round "9"]
[White "Stadler, Sebastian"]
[Black "Costiuc, Ioan"]
[Result "1/2-1/2"]
[WhiteElo "401"]
[BlackElo "1859"]
[PlyCount "115"]
[EventDate "2007.08.19"]
[EventType "swiss"]
[EventRounds "9"]
[EventCountry "ROU"]
[SourceTitle "EXT 2010"]
[Source "ChessBase"]
[SourceDate "2010.11.25"]
[SourceVersion "1"]
[SourceVersionDate "2010.11.25"]
[SourceQuality "1"]

1. e4 c5 2. Nf3 d6 3. d4 cxd4 4. Nxd4 Nf6 5. Nc3 a6 6. f3 g6 7. Be3 Bg7 8. Qd2 0-0 9. 0-0-0 Nc6 10. Nb3 Qc7 11. Bh6 Be6 12. Bxg7 Kxg7 13. Nd5 Bxd5 14. exd5 Ne5 15. h4 Rfc8 16. Qe2 b5 17. g4 Nxf3 18. g5 Nh5 19. Qf2 Rab8 20. Bh3 e6 21. dxe6 fxe6 22. Na1 Rf8 23. Qe2 Ng3 24. Qxe6 Rbe8 25. Qd5 Nxh1 26. Rxh1 Qc5 27. Qd3 Re3 28. Qd1 Rfe8 29. Nb3 Qe5 30. c3 Re1 31. Rxe1 Qxe1 32. Qxe1 Rxe1+ 33. Kc2 Nxh4 34. Bc8 Re2+ 35. Kc1 Re5 36. Bxa6 Rxg5 37. Nd4 Kf6 38. Bxb5 Nf5 39. Nf3 Rg3 40. Nd2 Ke5 41. a4 Ne3 42. b3 Nd5 43. c4 Nb4 44. a5 Rg1+ 45. Kb2 Nd3+ 46. Kc2 Ra1 47. Kxd3 Rxa5 48. Ke3 Ra3 49. c5 d5 50. Nf3+ Ke6 51. Nd4+ Ke5 52. Ba4 Ra1 53. Nf3+ Ke6 54. Ng5+ Ke5 55. Kd2 h5 56. Nf7+ Kd4 57. c6 Ra2+ 58. Kc1 1/2-1/2